NFL Teams on a map - Statistics

General Stats
  • This quiz has been taken 32 times
  • The average score is 29 of 32
Answers on the Map
Answers color-coded by a green-red scale on the quiz's map according to % correct below.
 
Answer Stats
Team % Correct
Atlanta Falcons
96%
Houston Texans
96%
Las Vegas Raiders
96%
Cleveland Browns
93%
Dallas Cowboys
93%
Denver Broncos
93%
Indianapolis Colts
93%
Jacksonville Jaguars
93%
Los Angeles Chargers
93%
Miami Dolphins
93%
Minnesota Vikings
93%
New York Giants
93%
New York Jets
93%
San Francisco 49ers
93%
Seattle Seahawks
93%
Tampa Bay Buccaneers
93%
Washington Commanders
93%
Arizona Cardinals
89%
Baltimore Ravens
89%
Buffalo Bills
89%
Carolina Panthers
89%
Cincinnati Bengals
89%
Detroit Lions
89%
New England Patriots
89%
Philadelphia Eagles
89%
Tennessee Titans
89%
Chicago Bears
85%
Green Bay Packers
85%
Kansas City Chiefs
85%
New Orleans Saints
85%
Los Angeles Rams
81%
Pittsburgh Steelers
81%
No matching quizzes found
Score Distribution
Percent of People with Each Score
Percentile by Number Answered
Your Score History
You have not taken this quiz